000 00367nam a2200157Ia 4500
008 200103s9999||||xx |||||||||||||| ||und||
020 _a0070545952,
040 _aIMU-MPC
082 _aColumn-19
100 _aSamuelson, Paul A.
245 0 _aEconomics
250 _a11th Ed.
260 _bMcGraw-Hill Book Company, Inc.
_c1980
300 _axxv, 861
942 _cBK
999 _c6403
_d6403